STUDY OF BARE SPOTS PROBLEM IN A CONTINUOUS HOT DIP GALVANIZING LINE AT A STEEL MANUFACTURING ENTERPRISE USING SIX SIGMA / (Record no. 535471)
[ view plain ]
| 000 -LEADER | |
|---|---|
| fixed length control field | 00649nam a22001697a 4500 |
| 020 ## - INTERNATIONAL STANDARD BOOK NUMBER | |
| Qualifying information | Hard Cover. |
| 082 ## - DEWEY DECIMAL CLASSIFICATION NUMBER | |
| Classification number | 200 |
| 100 ## - MAIN ENTRY--PERSONAL NAME | |
| Personal name | Muhammad Uzair |
| 245 ## - TITLE STATEMENT | |
| Title | STUDY OF BARE SPOTS PROBLEM IN A CONTINUOUS HOT DIP GALVANIZING LINE AT A STEEL MANUFACTURING ENTERPRISE USING SIX SIGMA / |
| Statement of responsibility, etc. | Muhammad Uzair, |
| 260 ## - PUBLICATION, DISTRIBUTION, ETC. | |
| Place of publication, distribution, etc. | Karachi : |
| Name of publisher, distributor, etc. | PNEC - NUST, |
| Date of publication, distribution, etc. | 2016. |
| 300 ## - PHYSICAL DESCRIPTION | |
| Extent | xi, 44 p. : ill. ; |
| Dimensions | 30cm. |
| 650 ## - SUBJECT ADDED ENTRY--TOPICAL TERM | |
| Topical term or geographic name entry element | MS- Industrial & Manufacturing Engineering |
| 700 ## - ADDED ENTRY--PERSONAL NAME | |
| Personal name | Supervisor: Dr. Aqeel Shah. |
| 856 ## - Uniform Resource Identifier | |
| Uniform Resource Identifier | <a href=" http://10.250.8.41:8080/xmlui/handle/123456789/22436"> http://10.250.8.41:8080/xmlui/handle/123456789/22436</a> |
| 942 ## - ADDED ENTRY ELEMENTS (KOHA) | |
| Source of classification or shelving scheme | |
| Koha item type | Soft Copy |
| 650 ## - SUBJECT ADDED ENTRY--TOPICAL TERM | |
| -- | 127273 |
| 700 ## - ADDED ENTRY--PERSONAL NAME | |
| -- | 127295 |
| Withdrawn status | Lost status | Source of classification or shelving scheme | Damaged status | Not for loan | Permanent Location | Current Location | Shelving location | Date acquired | Full call number | Barcode | Date last seen | Price effective from | Koha item type |
|---|---|---|---|---|---|---|---|---|---|---|---|---|---|
| Central Library (CL) | Central Library (CL) | Thesis | 09/11/2020 | 200 | Cl-T-6203 | 09/11/2020 | 09/11/2020 | Soft Copy |
